| 000 | 01051nas a2200349 4500 | ||
|---|---|---|---|
| 001 | BR8002809 | ||
| 003 | BR-BrBNA | ||
| 005 | 20231205084318.0 | ||
| 007 | ta | ||
| 008 | 230509b bl.|||p| |||| 00| 00por d | ||
| 040 |
_aBR-BrBNA _bpor _cBiblioteca Nacional de Agricultura |
||
| 041 | _a(Pt) | ||
| 072 | _aF25 | ||
| 100 | 1 | _aZambello Junior, E. | |
| 100 | 1 | _aHaag, H.P. | |
| 100 | 1 | _aOrlando Filho, J. | |
| 245 | 1 | _aAdubacao NPK e localizacao do fertilizante em soqueiras de cana-de-acucar, variedade CB 41-76 [Saccharum spp; Nitrogenio; Fosforo; Potassio] | |
| 650 | _aFertilizante | ||
| 650 | _aCana de acucar | ||
| 650 | _aFertilizante fosfatado | ||
| 650 | _aFertilizante nitrogenado | ||
| 650 | _aFertilizante potassico | ||
| 650 | _aNPK | ||
| 650 | _aSolo | ||
| 650 | _aSoca | ||
| 650 | _aVariedade | ||
| 650 | _aAdubacao | ||
| 650 | _aRendimento | ||
| 773 | 0 |
_tBrasil Acucareiro (Brazil) _xISSN 0006-9167 _g(Oct 1980), v. 96(4) p. 36-46 _wBR8002809 |
|
| 909 |
_a202311 _bLúcia _c55 _dLúcia Elande |
||
| 942 |
_2AGRIS _n0 _cANA |
||
| 999 |
_c104430 _d104430 |
||